000 00268nam a2200109Ia 4500
008 190914s9999||||xx |||||||||||||| ||und||
100 _aDominick Salvatore
245 0 _aInternational Economics
260 _aNew Delhi
_bPrentice Hall
_c1999
300 _a294
942 _cBK
999 _c9855
_d9855